American Capitals to Countries Quiz - Statistics

General Stats
  • This quiz has been taken 34 times
  • The average score is 28 of 35
Answer Stats
America America % Correct
Ottawa Canada
95%
Roseau Dominica
95%
Havana Cuba
91%
San Salvador El Salvador
91%
Guatemala City Guatemala
91%
Port-au-Prince Haiti
91%
Mexico City Mexico
91%
Panama City Panama
91%
Washington D.C. United States
91%
Asunción Paraguay
86%
Santiago Chile
82%
Santo Domingo Dominican Republic
82%
Quito Ecuador
82%
Tegucigalpa Honduras
82%
Kingston Jamaica
82%
Lima Peru
82%
Montevideo Uruguay
82%
Caracas Venezuela
82%
Buenos Aires Argentina
77%
Nassau Bahamas
77%
Brasília Brazil
77%
San José Costa Rica
77%
Georgetown Guyana
77%
Paramaribo Suriname
77%
Bridgetown Barbados
73%
La Paz / Sucre Bolivia
73%
Saint John's Antigua & Barbuda
68%
Bogotá Colombia
68%
Saint George's Grenada
68%
Managua Nicaragua
68%
Basseterre St. Kitts & Nevis
68%
Castries St. Lucia
68%
Port-of-Spain Trinidad & Tobago
68%
Belmopan Belize
64%
Kingstown St. Vincent & the Grenadines
64%
No matching quizzes found
Score Distribution
Percent of People with Each Score
Percentile by Number Answered
Your Score History
You have not taken this quiz